MARC

Tag First Indicator Second Indicator Subfields
LEADER 00000cam a2200000Ia 4500
001 in00002787810
005 20210728125001.0
006 m o d
007 cr cnu---unuuu
008 120730s2012 gw a ob 001 0 eng d
016 7 |a 016099781  |2 Uk 
020 |a 3527650725 (electronic bk.) 
020 |a 3527650733 (electronic bk.) 
020 |a 3527650741 (electronic bk.) 
020 |a 352765075X (electronic bk.) 
020 |a 9783527650729 (electronic bk.) 
020 |a 9783527650736 (electronic bk.) 
020 |a 9783527650743 (electronic bk.) 
020 |a 9783527650750 (electronic bk.) 
020 |z 3527410406 
020 |z 9783527410408 
035 |a (OCoLC)802291566 
035 |a (OCoLC)ocn802291566 
035 |a 4037164 
040 |a N$T  |c N$T  |d E7B  |d OCLCQ  |d UKMGB  |d CUS  |d YDXCP  |d EBLCP  |d OCLCQ  |d TXA  |d UtOrBLW 
049 |a TXAM 
050 4 |a TK7882.I6  |b B76 2012eb 
072 7 |a TEC  |x 008010  |2 bisacsh 
072 7 |a TEC  |x 008020  |2 bisacsh 
082 0 4 |a 621.3815422  |2 23 
100 1 |a Bodrogi, Péter.  |0 http://id.loc.gov/authorities/names/nb2006013020 
245 1 0 |a Illumination, colour and imaging :  |b evaluation and optimization of visual displays /  |c Peter Bodrogi and Tran Quoc Khanh. 
264 1 |a Weinheim :  |b Wiley-VCH,  |c 2012. 
300 |a 1 online resource (xxi, 374 pages) :  |b illustrations 
336 |a text  |b txt  |2 rdacontent 
337 |a computer  |b c  |2 rdamedia 
338 |a online resource  |b cr  |2 rdacarrier 
490 1 |a Wiley-SID series in display technology 
500 |a Electronic resource. 
504 |a Includes bibliographical references and index. 
588 |a Description based on print version record. 
650 0 |a Color display systems  |x Design. 
650 0 |a Electroluminescent display systems  |x Design. 
650 7 |a TECHNOLOGY & ENGINEERING / Electronics / Circuits / General.  |2 bisacsh 
650 7 |a TECHNOLOGY & ENGINEERING / Electronics / Circuits / Integrated.  |2 bisacsh 
655 7 |a Electronic books.  |2 local 
700 1 |a Khanh, Tran Quoc.  |0 http://id.loc.gov/authorities/names/nb2012023973 
776 0 8 |i Print version:  |a Khanh, Tran Quoc.  |t Illumination, colour and imaging.  |d Weinheim : Wiley-VCH ; Chichester : John Wiley [distributor], 2012  |z 9783527410408  |w (OCoLC)795182505 
830 0 |a Wiley Online Library. 
830 0 |a Wiley SID series in display technology.  |0 http://id.loc.gov/authorities/names/no97056611 
856 4 0 |u http://proxy.library.tamu.edu/login?url=https://dx.doi.org/10.1002/9783527650729  |z Connect to the full text of this electronic book  |t 0 
948 |a cataloged  |b h  |c 2012/12/7  |d c  |e jlanham  |f 1:27:49 pm 
994 |a C0  |b TXA 
999 |a MARS 
999 f f |s fc31a68a-86b0-3740-99c5-8b154873a4fc  |i 32250cbe-e336-39f5-9118-d0d2b8f599f8  |t 0 
952 f f |a Texas A&M University  |b College Station  |c Electronic Resources  |d Available Online  |t 0  |e TK7882.I6 B76 2012eb  |h Library of Congress classification 
998 f f |a TK7882.I6 B76 2012eb  |t 0  |l Available Online